000 00502nam a2200169Ia 4500
003 Ost
005 20260507075700.0
008 260507s9999||||xx |||||||||||||| ||und||
040 _cfsecg
041 _aara
100 _aروث، وليم
_eمؤلف
245 0 _aتطور نظرية الادارة /
_c وليم روث
260 _aالقاهرة:
_bايتراك للطباعة و النشر,
_c2001
300 _a157 صفحة؛
653 _aادارة -نظم معلومات
942 _cكتاب
999 _c45810
_d45810